| 000 -LEADER |
| fixed length control field |
00899cam a2200241 i 4500 |
| 005 - DATE AND TIME OF LATEST TRANSACTION |
| control field |
20240704175123.0 |
| 008 - FIXED-LENGTH DATA ELEMENTS--GENERAL INFORMATION |
| fixed length control field |
230306s2023 it a b 000 0 eng d |
| 020 ## - INTERNATIONAL STANDARD BOOK NUMBER |
| International Standard Book Number |
9788822908094 : |
| Terms of availability |
42.00 EUR |
| 042 ## - AUTHENTICATION CODE |
| Authentication code |
lccopycat |
| 082 ## - DEWEY DECIMAL CLASSIFICATION NUMBER |
| Classification number |
711 |
| 245 00 - TITLE STATEMENT |
| Title |
Transitional landscapes / |
| Statement of responsibility, etc |
edited by Michelangelo Russo, Anna Attademo, Enrico Formato, Francesca Garzilli. |
| 300 ## - PHYSICAL DESCRIPTION |
| Extent |
319 pages : |
| Other physical details |
illustrations (chiefly color) ; |
| Dimensions |
30 cm |
| 504 ## - BIBLIOGRAPHY, ETC. NOTE |
| Bibliography, etc |
Includes bibliographical references. |
| 650 #0 - SUBJECT ADDED ENTRY--TOPICAL TERM |
| Topical term or geographic name as entry element |
Landscape architecture. |
| 650 #0 - SUBJECT ADDED ENTRY--TOPICAL TERM |
| Topical term or geographic name as entry element |
City planning |
| General subdivision |
Environmental aspects. |
| 650 #0 - SUBJECT ADDED ENTRY--TOPICAL TERM |
| Topical term or geographic name as entry element |
Landscape assessment. |
| 700 1# - ADDED ENTRY--PERSONAL NAME |
| Personal name |
Russo, Michelangelo, |
| Dates associated with a name |
1965- |
| Relator term |
editor. |
| 700 1# - ADDED ENTRY--PERSONAL NAME |
| Personal name |
Attademo, Anna, |
| Relator term |
editor. |
| 700 1# - ADDED ENTRY--PERSONAL NAME |
| Personal name |
Formato, Enrico, |
| Relator term |
editor. |
| 700 1# - ADDED ENTRY--PERSONAL NAME |
| Personal name |
Garzilli, Francesca, |
| Relator term |
editor. |
| 856 41 - ELECTRONIC LOCATION AND ACCESS |
| Materials specified |
Table of contents only |
| Uniform Resource Identifier |
<a href="https://www.loc.gov/catdir/toc/casalini19/5429276.pdf">https://www.loc.gov/catdir/toc/casalini19/5429276.pdf</a> |
| 942 ## - ADDED ENTRY ELEMENTS (KOHA) |
| Source of classification or shelving scheme |
|